The Islamic city : selected papers from the colloquium held at the Middle East Centre, Faculty of Oriental Studies, Cambridge, United Kingdom, from 19 to 23 July 1976 /

Bibliographic Details
Corporate Author: Colloquium on the Islamic City
Other Authors: Serjeant, R. B. (Robert Bertram)
Format: Conference Proceeding Book
Language:English
Published: Paris : UNESCO, 1980.
Subjects:

MARC

Tag First Indicator Second Indicator Subfields
LEADER 00000cam a2200000 a 4500
001 in00000087505
005 20151008064824.0
008 810911s1980 fr af b i10010 eng
010 |a  81106664  
015 |a F*** 
020 |a 9231016652 (pbk.) 
035 |a (OCoLC)06907143 
035 |9 AAK4859AM 
039 0 |a 2  |b 3  |c 3  |d 3  |e 3 
040 |a DLC  |c DLC  |d TXA  |d UtOrBLW 
043 |a ma----- 
049 |a TXAM  |c [1805219] 
050 0 0 |a HT147.5  |b .I85 
082 0 |a 307.7/6/0917671  |2 19 
245 0 4 |a The Islamic city :  |b selected papers from the colloquium held at the Middle East Centre, Faculty of Oriental Studies, Cambridge, United Kingdom, from 19 to 23 July 1976 /  |c edited by R.B. Serjeant. 
264 1 |a Paris :  |b UNESCO,  |c 1980. 
300 |a 210 pages, 8 unnumbered pages of plates :  |b illustrations ;  |c 24 cm. 
336 |a text  |b txt  |2 rdacontent 
337 |a unmediated  |b n  |2 rdamedia 
338 |a volume  |b nc  |2 rdacarrier 
500 |a "Essays ... selected from the Colloquium on the Islamic City, which took place in July 1976 at the University of Cambridge." 
504 |a Includes bibliographical references. 
650 0 |a Islamic cities and towns  |z Arab countries  |x Congresses. 
650 0 |a Cities and towns  |z Arab countries  |x Congresses. 
700 1 |a Serjeant, R. B.  |q (Robert Bertram) 
711 2 |a Colloquium on the Islamic City  |d (1976 :  |c University of Cambridge) 
999 |a MARS 
999 f f |s 0deb985f-eb98-35de-b30c-f100d721e42a  |i af9e08dd-b002-32fe-89bc-06a0505ef98d  |t 0 
952 f f |p ric  |a Texas A&M University  |b Rellis Campus  |c Joint Library Facility  |d Remote Storage  |t 0  |e HT147.5 .I85  |h Library of Congress classification  |i unmediated -- volume  |m A14806144469 
998 f f |a HT147.5 .I85  |t 0  |l Remote Storage